| 000 | 01258cam a2200349 a 4500 | ||
|---|---|---|---|
| 001 | 7936163 | ||
| 005 | 20170105102353.0 | ||
| 006 | m d | ||
| 007 | cr n | ||
| 008 | 071115s2008 nyua sb 001 0 eng d | ||
| 015 |
_aGBA762143 _2bnb |
||
| 016 | 7 |
_a013811315 _2Uk |
|
| 020 | _a9781420052176 (alk. paper) | ||
| 020 | _a1420052179 (alk. paper) | ||
| 035 | _a(WaSeSS)ssj0000139166 | ||
| 040 |
_aDLC _cDLC _dUKM _dBTCTA _dBAKER _dYDXCP _dC#P _dDLC _dWaSeSS |
||
| 050 | 4 |
_aQA76.9.A25 _bD528 2008 |
|
| 082 | 0 | 0 |
_a005.8 _222 |
| 210 | 1 | 0 | _aDigital privacy |
| 245 | 0 | 0 |
_aDigital privacy :theory, technologies, and practices _btheory, technologies, and practices _cAlessandro Acquisti |
| 260 |
_aNew York : _bAuerbach Publications, _cc2008. |
||
| 504 | _aIncludes bibliographical references and index. | ||
| 506 | _aLicense restrictions may limit access. | ||
| 650 | 0 | _aComputer security. | |
| 650 | 0 |
_aComputer networks _xSecurity measures. |
|
| 650 | 0 |
_aDigital communications _xSecurity measures. |
|
| 700 | 1 | _aAcquisti, Alessandro. | |
| 773 | 0 | _tITECHnetBASE | |
| 856 | 4 | 0 |
_uhttp://www.columbia.edu/cgi-bin/cul/resolve?clio7936163 _zFull text available from ITECHnetBASE |
| 910 | _aLibrary of Congress record | ||
| 942 |
_2ddc _cBK |
||
| 999 |
_c12008 _d12008 |
||